A treatise of human nature
-д хадгалсан:
| Үндсэн зохиолч: | |
|---|---|
| Формат: | Ном |
| Хэл сонгох: | англи |
| Хэвлэсэн: |
Oxford
Oxford University Press
2000
|
| Хэвлэл: | 1a. ed |
| Цуврал: | Oxford Philosophical Texts
|
| Нөхцлүүд: | |
| Шошгууд: |
Шошго нэмэх
Шошго байхгүй, Энэхүү баримтыг шошголох эхний хүн болох!
|
MARC
| LEADER | 00000cam a2200000 a 4500 | ||
|---|---|---|---|
| 001 | UCF9979 | ||
| 003 | CL-VaPUC | ||
| 005 | 20210506001525.0 | ||
| 008 | 131220e20000000uk |||||||||||||||||eng|d | ||
| 999 | |c 354308 |d 354306 | ||
| 020 | |a 9780198751724 | ||
| 040 | |c Pontificia Universidad Católica de Valparaíso | ||
| 082 | 0 | 4 | |a 192 |b HUM |2 21 |
| 100 | |a Hume, David |e author |9 858138 | ||
| 245 | 1 | 2 | |a A treatise of human nature |
| 250 | |a 1a. ed | ||
| 260 | |a Oxford |b Oxford University Press |c 2000 | ||
| 300 | |a 622 p | ||
| 490 | 0 | |a Oxford Philosophical Texts | |
| 583 | |a last modification |c 20131220 10:31:00 |k Rodrigo Vera | ||
| 650 | 0 | |a Empirismo |9 255037 | |
| 650 | 0 | |a Teoría del conocimiento |9 255038 | |
| 650 | 0 | |a Naturaleza humana |9 308593 | |
| 852 | |a BIBCUR | ||
| 942 | |c BK |2 ddc | ||
| 945 | |d 20131220 10:31:00 |a dcastane | ||
| 952 | |0 0 |1 0 |3 erb |4 0 |6 192_000000000000000_HUM_2000 |7 0 |8 A |9 460088 |a BIBDER |b BIBDER |i 5035597 |o 192 HUM 2000 |p 5035597 |r 2023-01-25 |w 2019-11-23 |y BK |z Catalogado en:20131220 |k DER | ||